Holiday Quiz

Random Holiday or WWE Quiz

WWE Divas Hometowns Quiz Stats

 Plays Quiz not verified by Sporcle

Score 0/10 Timer 15:00
0 Plays Today
Diva % Correct
2005 Raw Diva Search Winner (Ashley)New York
60.3%
The Virginia Farmgirl ( Mickie James )Richmond Virginia
59.1%
The Glamazon (Beth Phoenix)Buffalo New York
55.8%
The Kings Baby ( Kelly Kelly )Jacksonville Florida
55%
The Canadian Beauty ( Trish Stratus)Toronto Canada
54.5%
Puppies ! (Torrie Wilson)Boise Idaho
41.7%
Queen of Extreme (Lita)Sanford North Carolina
24.4%
Flawless ( Michelle Mccool and Layla)Palatka Florida Miami Florida
8.7%
The Freakin Costa Rican (Rosa Mendes)San Hose Costa Rica
8.7%
Former ECW GM ( Tiffany)New Orleans Louisana
5.4%

You're not logged in!

Compare scores with friends on all Sporcle quizzes.
OR
Log In

Show Comments

Extras

Created Aug 27, 2010ReportNominate
Tags:WWE Quiz, comedown, diva

Top Quizzes Today


Score Distribution

Your Account Isn't Verified!

In order to create a playlist on Sporcle, you need to verify the email address you used during registration. Go to your Sporcle Settings to finish the process.

Report this User

Report this user for behavior that violates our Community Guidelines.

Details: